| 000 | 00455nam a2200157 i 4500 | ||
|---|---|---|---|
| 001 | 29504 | ||
| 003 | ES-MaACL | ||
| 005 | 20230906154039.0 | ||
| 007 | t| | ||
| 008 | 030122s1902 sp ||||1| spa d | ||
| 100 | 1 |
_aBark, Ernesto. _925673 |
|
| 245 | 1 | 0 |
_aPolítica pedagógica / _cErnesto Bark. |
| 260 |
_aMadrid : _bLa Unión de Padres de Familia, _c1902 ( _fImp. de Ambrosio Pérez y Cia) |
||
| 300 |
_a39 p. ; _c19 cm. |
||
| 852 |
_aES-MaACL _jT-1061-F-6 |
||
| 999 |
_c29504 _d29504 |
||